| 000 | 00774nam a22002177a 4500 | ||
|---|---|---|---|
| 999 |
_c5471 _d5471 |
||
| 003 | AR-CdUCM | ||
| 008 | 190312b ||||| |||| 00| 0 spa d | ||
| 040 |
_aMUNICIPALIDAD PROVINCIAL DEL CUSCO _cBIBLIOTECA MUNICIPAL DEL CUSCO |
||
| 082 |
_a190 / _bM22 |
||
| 100 |
_aManrique Enríquez, Fernando _916199 |
||
| 245 | _aResplandores del saber filosófico actual / | ||
| 260 |
_aLima : _bRenteria, _c2004. |
||
| 300 |
_a297 paginas ; _c21 cm. |
||
| 440 |
_aColección episteme _n8 _916447 |
||
| 505 | _aContenido : Itinerario de la filosofía -- Pragmatismo -- Filosofía pura e historicismo -- Materialismo dialéctico ... | ||
| 650 |
_aFilosofía _9395 |
||
| 650 |
_aMaterialismo dialéctico _96846 |
||
| 650 |
_aHistoricismo _97735 |
||
| 942 |
_2ddc _cLIBROS |
||
| 945 | _arah | ||